Business for Cambridge International AS & A Level (Record no. 6766)

MARC details
005 - DATE AND TIME OF LATEST TRANSACTION
control field 20250819074336.0
020 ## - INTERNATIONAL STANDARD BOOK NUMBER
International Standard Book Number 978-1-108-92122-0
082 ## - DEWEY DECIMAL CLASSIFICATION NUMBER
Classification number 650 STI
100 ## - MAIN ENTRY--PERSONAL NAME
Author name STIMPSON, P.
245 ## - TITLE STATEMENT
Title Business for Cambridge International AS & A Level
250 ## - EDITION STATEMENT
Edition statement 4th Ed
260 ## - PUBLICATION, DISTRIBUTION, ETC.
Place of publication, distribution, etc. United Kingdom
Name of publisher, distributor, etc. CAMBRIDGE UNIVERSITY PRESS & ASSESMENT
Date of publication, distribution, etc. 2021
300 ## - PHYSICAL DESCRIPTION
Extent xvi, 653p.:ill.
Other physical details glossary, index
Dimensions 11cm
700 ## - ADDED ENTRY--PERSONAL NAME
Other authors/Editors Alastair Farquharson
942 ## - ADDED ENTRY ELEMENTS (KOHA)
Source of classification or shelving scheme Dewey Decimal Classification
Koha item type Books
Holdings
Date last seen Total checkouts Full call number Barcode Cost, replacement price Price effective from Koha item type Lost status Source of classification or shelving scheme Damaged status Not for loan Withdrawn status Home library Current library Shelving location Date acquired Source of acquisition Cost, normal purchase price
08/18/2025   650 STI MZA0003893 561936.00 08/18/2025 Books   Dewey Decimal Classification       CBE Mwanza CBE Mwanza General Collection 08/14/2025 Library Budget 187312.00
08/18/2025   650 STI MZA0003894 561936.00 08/18/2025 Books   Dewey Decimal Classification       CBE Mwanza CBE Mwanza General Collection 08/14/2025 Library Budget 187312.00
08/18/2025   650 STI MZA0003895 561936.00 08/18/2025 Books   Dewey Decimal Classification       CBE Mwanza CBE Mwanza General Collection 08/14/2025 Library Budget  
08/18/2025   650 STI MZA0003896 561936.00 08/18/2025 Books   Dewey Decimal Classification       CBE Mwanza CBE Mwanza General Collection 08/14/2025 Library Budget 187312.00
08/18/2025   650 STI MZA0003897 561936.00 08/18/2025 Books   Dewey Decimal Classification       CBE Mwanza CBE Mwanza General Collection 08/14/2025 Library Budget 187312.00
08/18/2025   650 STI MZA0003898 561936.00 08/18/2025 Books   Dewey Decimal Classification       CBE Mwanza CBE Mwanza General Collection 08/14/2025 Library Budget 187312.00